00847nam a22002057a 4500999001900000005001700019010001500036020003000051035001400081037001300095082001200108100002100120245013100141260006100272270007700333300004200410700001700452942002600469952014600495 c177691d17769120210225153443.0 aENG-129066 c699.00a978-1-5387-1473-7 aEN-112598 bDBAD/PUB a324.973 aIsikoff, Michael aRussian Roulette: the inside story of Putin's war on america and the election of Donald Trump/bMichael Isikoff and David Corn aGurugrambHachette Book Publishing India Pvt. Ltd.c2018 bGurugrama4th/5th Floors, Corporate Centre, Plot No- 94, Sec- 44e122003 axi+338p.c23cm(pbk)bIncluding index. aCorn, David  2ddccENh324.973mISI 001040708NFICaAVbAVd2021-02-25eDBAD/PUBg699.00l1o324.973 ISIpEN-112598r2021-12-03 00:00:00s2021-11-23t1v699.00w2021-02-25yEN